Biophysics : (Record no. 587752)
[ view plain ]
| 000 -LEADER | |
|---|---|
| fixed length control field | 01659cam a2200409 a 4500 |
| 001 - CONTROL NUMBER | |
| control field | 17231384 |
| 003 - CONTROL NUMBER IDENTIFIER | |
| control field | NUST |
| 005 - DATE AND TIME OF LATEST TRANSACTION | |
| control field | 20220202125933.0 |
| 008 - FIXED-LENGTH DATA ELEMENTS--GENERAL INFORMATION | |
| fixed length control field | 120329s2012 gw a b 001 0 eng |
| 010 ## - LIBRARY OF CONGRESS CONTROL NUMBER | |
| LC control number | 2012936486 |
| 020 ## - INTERNATIONAL STANDARD BOOK NUMBER | |
| International Standard Book Number | 9783642252112 |
| 038 ## - RECORD CONTENT LICENSOR | |
| Staff Name | Rani Shaista kanwal |
| 040 ## - CATALOGING SOURCE | |
| Original cataloging agency | DLC |
| Transcribing agency | DLC |
| Modifying agency | DLC |
| 041 1# - LANGUAGE CODE | |
| Language code of text/sound track or separate title | eng |
| Language code of original | ger |
| 042 ## - AUTHENTICATION CODE | |
| Authentication code | pcc |
| 050 00 - LIBRARY OF CONGRESS CALL NUMBER | |
| Classification number | QH505 |
| Item number | .G5413 2012 |
| 082 00 - DEWEY DECIMAL CLASSIFICATION NUMBER | |
| Classification number | 571.4 |
| Edition number | 23 |
| 100 1# - MAIN ENTRY--PERSONAL NAME | |
| Personal name | Glaser, Roland. |
| 9 (RLIN) | 88729 |
| 240 00 - UNIFORM TITLE | |
| Uniform title | Biophysik. |
| Language of a work | English |
| 245 10 - TITLE STATEMENT | |
| Title | Biophysics : |
| Remainder of title | an introduction / |
| Statement of responsibility, etc. | Roland Glaser. |
| 250 ## - EDITION STATEMENT | |
| Edition statement | 2nd ed. |
| 260 ## - PUBLICATION, DISTRIBUTION, ETC. | |
| Place of publication, distribution, etc. | Heidelberg ; |
| -- | New York : |
| Name of publisher, distributor, etc. | Springer, |
| Date of publication, distribution, etc. | c2012. |
| 300 ## - PHYSICAL DESCRIPTION | |
| Extent | xx, 407 p. : |
| Other physical details | ill. ; |
| Dimensions | 24 cm. |
| 500 ## - GENERAL NOTE | |
| General note | Rev. ed. of: Biophysik. 4th ed. 1996. |
| 504 ## - BIBLIOGRAPHY, ETC. NOTE | |
| Bibliography, etc. note | Includes bibliographical references (p. 377-389) and index. |
| 505 ## - FORMATTED CONTENTS NOTE | |
| Formatted contents note | 1. Nature and Subject of Biophysics --<br/>2. Molecular Structure of Biological Systems --<br/>3. Energetics and Dynamics of Biological Systems --<br/>4. Physical Factors of the Environment --<br/>5. The Kinetics of Biological Systems. |
| 563 ## - BINDING INFORMATION | |
| Binding note | PB |
| 650 #0 - SUBJECT ADDED ENTRY--TOPICAL TERM | |
| Topical term or geographic name entry element | Biophysics. |
| 9 (RLIN) | 88730 |
| 700 1# - ADDED ENTRY--PERSONAL NAME | |
| Personal name | Glaser, Roland. |
| Title of a work | Biophysik. |
| 9 (RLIN) | 88731 |
| 856 42 - ELECTRONIC LOCATION AND ACCESS | |
| Materials specified | Publisher description |
| Uniform Resource Identifier | <a href="http://www.loc.gov/catdir/enhancements/fy1316/2012936486-d.html">http://www.loc.gov/catdir/enhancements/fy1316/2012936486-d.html</a> |
| 856 41 - ELECTRONIC LOCATION AND ACCESS | |
| Materials specified | Table of contents only |
| Uniform Resource Identifier | <a href="http://www.loc.gov/catdir/enhancements/fy1316/2012936486-t.html">http://www.loc.gov/catdir/enhancements/fy1316/2012936486-t.html</a> |
| 856 42 - ELECTRONIC LOCATION AND ACCESS | |
| Materials specified | Contributor biographical information |
| Uniform Resource Identifier | <a href="http://www.loc.gov/catdir/enhancements/fy1316/2012936486-b.html">http://www.loc.gov/catdir/enhancements/fy1316/2012936486-b.html</a> |
| 906 ## - LOCAL DATA ELEMENT F, LDF (RLIN) | |
| a | 7 |
| b | cbc |
| c | origcop |
| d | 2 |
| e | epcn |
| f | 20 |
| g | y-gencatlg |
| 942 ## - ADDED ENTRY ELEMENTS (KOHA) | |
| Source of classification or shelving scheme | |
| Koha item type | Book |
| Withdrawn status | Lost status | Source of classification or shelving scheme | Damaged status | Not for loan | Permanent Location | Current Location | Date acquired | Source of acquisition | Total Checkouts | Full call number | Barcode | Date last seen | Copy number | Price effective from | Koha item type |
|---|---|---|---|---|---|---|---|---|---|---|---|---|---|---|---|
| Atta-ur-Rahman School of Applied Biosciences (ASAB) | Atta-ur-Rahman School of Applied Biosciences (ASAB) | 06/24/2019 | Golden Books | 571.4 ROL 2012 3466 | ASAB3466 | 02/02/2022 | 01 | 06/24/2019 | Book |
